Návrh autonómneho brzdového systému vozidla formula student

Salvato in:
Dettagli Bibliografici
Autore principale: Kruchko, Uladzislau (Autore)
Altri autori: Kevický, Igor (Relatore della tesi)
Natura: Manoscritto Libro
Lingua:slovacco
Pubblicazione: 2025
Soggetti:
Accesso online:http://is.stuba.sk/zp/portal_zp.pl?podrobnosti=176450
Tags: Aggiungi Tag
Nessun Tag, puoi essere il primo ad aggiungerne!!

MARC

LEADER 00000ntm a22000003a 4500
001 stuzp106668
003 SK-STU
005 20250628213114.0
007 ta
008 150427s2015----xo-----f-mn---000-0-slo-d
040 |a STU  |b slo 
041 0 |a slo 
100 1 |a Kruchko, Uladzislau  |u 020030  |4 aut  |U SjF Strojnícka fakulta  |T SjF Ústav automobilového inžinierstva a konštruovania  |X 121685  |U J0030  |Y 806  |7 121685 
242 0 1 |a Design of an autonomous braking system for a Formula Student vehicle  |y eng 
245 1 0 |a Návrh autonómneho brzdového systému vozidla formula student 
260 |c 2025 
650 4 |a pevnostná analýza  |2 slo 
650 4 |a senzory a aktuátory  |2 slo 
650 4 |a Autonómny brzdový system  |2 slo 
650 4 |a návrh a optimalizácia  |2 slo 
650 4 |a Autonomous braking system  |2 eng 
650 4 |a strength analysis  |2 eng 
650 4 |a design and optimization  |2 eng 
650 4 |a sensors and actuators  |2 eng 
700 1 |a Kevický, Igor  |u 020030  |k Z2  |4 ths  |U SjF Strojnícka fakulta  |T SjF Ústav automobilového inžinierstva a konštruovania  |X 81427  |U J0030  |Y 806  |7 81427 
856 4 |u http://is.stuba.sk/zp/portal_zp.pl?podrobnosti=176450